History Quiz

Random History Quiz

Can you name the Queens of Scotland (1040-1707) Quiz Stats

 Plays Quiz not verified by Sporcle

Challenge
Share
Tweet
Embed
Score 0/30 Timer 12:00
0 Plays Today
Reigned Queen % Correct
1449-1463Mary of Guelders
95.6%
1538-1542Mary of Guise
95.6%
1685-1688Mary of Modena
95.6%
1589-1619Anne of Denmark
88.9%
1702-1707Anne
88.9%
1286-1290Margaret, Maid of Norway
84.2%
1070-1093Margaret of Wessex
80%
1251-1275Margaret of England
80%
1364-1375Margaret Drummond
80%
1469-1486Margaret of Denmark
80%
1503-1513Margaret of England
80%
1306-1327Elizabeth de Burgh
77.8%
1662-1685Catherine of Braganza
64.4%
1625-1649Henrietta Maria of France
57.8%
1542-1567Mary I
53.3%
Reigned Queen % Correct
1221-1238Joan of England
48.9%
1329-1362Joan of England
48.9%
1424-1445Joan Beaufort
48.9%
1239-1249Marie de Coucy
46.7%
1034-1040?Suthen
28.9%
1040-1057Gruoch of Scotland
22.2%
1285-1286Yolande de Dreux
22.2%
1390-1401Anabella Drummond
22.2%
1537Madeleine of Valois
22.2%
1124-1130Maud of Northumbria
20%
1371-1386Euphemia de Ross
20%
1058-1069Ingibiorg Finnsdottir
15.6%
1107-1122Sybilla of Normandy
11.1%
1186-1214Ermengarde de Beaumont
11.1%
1093-1094Ethelreda of Northumbria
4.4%

You're not logged in!

Compare scores with friends on all Sporcle quizzes.
OR
Log In

You Might Also Like...

Show Comments

Extras

Created Jul 31, 2016ReportNominate
Tags:husband, queen, reigned, scotland

Top Quizzes Today


Score Distribution

Your Account Isn't Verified!

In order to create a playlist on Sporcle, you need to verify the email address you used during registration. Go to your Sporcle Settings to finish the process.

Report this User

Report this user for behavior that violates our Community Guidelines.

Details: